Annual Report of the Slovak Chamber of Commerce and Industry for the Year 1996
Salvato in:
| Natura: | Libro |
|---|---|
| Lingua: | inglese |
| Pubblicazione: |
Bratislava
Slovak Chamber of Commerce and Industry
1997
|
| Edizione: | 1. ed. |
| Soggetti: | |
| Tags: |
Nessun Tag, puoi essere il primo ad aggiungerne!!
|
MARC
| LEADER | 00000nam a2200000 4500 | ||
|---|---|---|---|
| 001 | c020057 | ||
| 005 | 20221128072530.2 | ||
| 020 | |a 80-85588-55-2 | ||
| 041 | 0 | |a eng | |
| 044 | |a SK | ||
| 245 | 1 | 0 | |a Annual Report of the Slovak Chamber of Commerce and Industry for the Year 1996 |
| 250 | |a 1. ed. | ||
| 264 | 1 | |a Bratislava |b Slovak Chamber of Commerce and Industry |c 1997 | |
| 300 | |a 50 s. | ||
| 610 | 2 | 0 | |a Slovensko |
| 610 | 2 | 0 | |a SOPK Bratislava |
| 610 | 2 | 0 | |a 1996 |